000 00832nam a22002057a 4500
999 _c18914
_d18914
003 AR-CdUCM
008 190515b ||||| |||| 00| 0 spa d
040 _aMUNICIPALIDAD PROVINCIAL DEL CUSCO
_cBIBLIOTECA MUNICIPAL DEL CUSCO
082 _220ed.
_a802 /
_bSA22
100 _aSánchez, Luis Alberto
_9401
245 _aBreve tratado de literatura general /
260 _aLima :
_bUniverso,
_c1981.
300 _a250 páginas ;
_c21 cm.
505 _aContenido: La enseñanza de la literatura -- Nociones de preceptiva literaria -- La composición literaria -- La versificación prosa y verso -- Los géneros literarios -- Notas finales sobre la literatura nueva.
650 _aLiteratura
_983
650 _aEstudio y enseñanza
_92610
650 _aPreceptiva literaria
_98944
942 _2ddc
_cLIBROS
945 _aachl
_d2019-05-15